| Registos Bibliográficos associados ao registo de autoridade |
|
Etiqueta de registo: 00663cam 02200217 04500 001 592975 003 http://id.bnportugal.gov.pt/bib/catbnp/592975 005 19990104000000.0 095 ## $aPTBN00802276 100 ## $a19960311d19 m y0pory0103 ba 101 0# $apor 102 ## $aPT 106 ## $ar 200 1# $a A dançar...$ecançoneta$fAugusto Garraio$gmusica de Silva Negrão 210 #9 $aLisboa$cFrancisco Franco,$d[19--] 215 ## $a8 p.$d16 cm 225 2# $aCollecção de peças theatraes para salas e theatros particulares$v168 700 #1 $aGarraio,$bAugusto,$f1843-?$331200 702 #1 $aNegrão,$bJoão Carlos da Silva,$f1876-$4030$399814 801 #0 $aPT$bBN$gRPC 966 ## $lBN$mFGMON$sL. 11169//13 P. 966 ## $lBN$mFGMON$sL. 11170//13 P. 997 ## $aBIBEOD
Etiqueta de registo: 00269ncm 2200145 450 001 1830084 003 http://id.bnportugal.gov.pt/bib/catbnp/1830084 100 ## $a20130105f192 k y0pory01030103ba 101 0# $apor 102 ## $aPT 200 1# $aÉ loucura, bem sei$bMúsica impressa]$e(fado do cauteleiro)$fmusica de Julio de Souza, letra de J. Souza e F. Brito$g[arr. de Silva Negrão] 210 #9 $aLisboa$cValentim de Carvalho$d [ 192-] 215 ## $aPartitura (4 p.)$d32 cm 307 ## $aCapa ilustrada (assinatura indecifrável) 314 ## $aDes. da partitura assinado: Nunes da Silva 317 ## $aProv. Conservatório Nacional$5PTBN: C.N. 2223 A. 501 1# $aFados,$rV, pf 517 1# $aFado do cauteleiro 606 ## $aMúsica para canto e piano$zSéc. 20$j[Música impressa]$2SIPOR$3947956 675 ## $a784.4(=1:469)$vBN$zpor$31281712 675 ## $a784:786.2$vBN$zpor$3519118 675 ## $a78.089.6$vBN$zpor$3536969 700 #1 $aSousa,$bJúlio de,$f1906-1966$31149141 701 #1 $aBrito,$bFrederico de,$f1894-1977$4520$3133122 702 #1 $aNegrão,$bJoão Carlos da Silva,$f1876-$4030$399814 801 #0 $aPT$bBN$gRPC 966 ## $lBN$mMUSICA$sC.N. 2223 A.$x6 997 ## $aBIBEOD
Etiqueta de registo: 00628cam 02200205 04500 001 522015 003 http://id.bnportugal.gov.pt/bib/catbnp/522015 005 19990103000000.0 095 ## $aPTBN00725048 100 ## $a19950426d18 m y0pory0103 ba 101 0# $apor 102 ## $aPT 200 1# $aMondego ao luar$edueto original$fCelestino Gaspar da Silva$gmusica de Silva Negrão 210 #9 $aLisboa$cJoão Carneiro,$d[18--] 215 ## $a7 p.$d8º 225 2# $aMonologos e cançonetas$v68 700 #1 $aSilva,$bCelestino Gaspar da,$fca 18--$3174285 702 #1 $aNegrão,$bJoão Carlos da Silva,$f1876-$4230$399814 801 #0 $aPT$bBN$gRPC 966 ## $lBN$mFGMON$sL. 11946//6 P. 966 ## $lBN$mFGMON$sL. 35723//11 P. 997 ## $aBIBEOD
Etiqueta de registo: 00465cam 02200169 04500 001 940058 003 http://id.bnportugal.gov.pt/bib/catbnp/940058 005 19990615185800.0 100 ## $a19990615d18 m y0pory0103 ba 101 0# $apor 102 ## $aPT 105 ## $ay z 000yy 106 ## $ar 200 1# $a As pitadas$eCançoneta original$fSilva Negrão 210 #9 $aLisboa$cF. Franco$d[18--] 600 #1 $aNegrão,$bJoão Carlos da Silva,$f1876-$399814 801 #0 $aPT$bBN$gRPC 966 ## $lBN$mFGMON$nFalta o folheto, só estão as capas$sL. 9706//8 P. 997 ## $aBIBEOD
Etiqueta de registo: 00662cam 02200205 04500 001 1017539 003 http://id.bnportugal.gov.pt/bib/catbnp/1017539 005 20020607150000.0 100 ## $a20000323d19 m y0pory0103 ba 101 0# $apor 102 ## $aPT 105 ## $ay z 000yy 106 ## $ar 200 1# $a O rouxinol de Mimi$ecançoneta original$fCelestino da Silva$gmusica de Silva Negrão 210 #9 $aLisboa$cLiv. Popular de Francisco Franco,$d[19--] 215 ## $a2 [2] p.$d20 cm 225 2# $aPeças theatraes para salas e theatros particulares$v573 700 #1 $aSilva,$bCelestino Gaspar da,$fca 18--$3174285 702 #1 $aNegrão,$bJoão Carlos da Silva,$f1876-$4230$399814 801 #0 $aPT$bBN$gRPC 966 ## $lBN$mFGMON$sL. 12531//10 P. $x0 997 ## $aBIBEOD
Etiqueta de registo: 01192cbm 02200325 i04500 001 291894 003 http://id.bnportugal.gov.pt/bib/catbnp/291894 005 19981209184600.0 095 ## $aPTBN00303798 100 ## $a19880321f18011900k y0pora0103 ba 101 0# $apor 102 ## $aPT 200 0# $aAs continencias$ecançoneta original$fJulio Dumond (Orlando)$gmusica de Silva Negräo 210 #1 $d[1801-1900?] 215 ## $a[6] f., enc.$d32 cm 300 ## $aMs 300 ## $aPert.: Artur Rebelo de Andrade 300 ## $aEnc. com outras peças de teatro da mesma época 518 1# $a As continências 700 #1 $aDumont,$bJúlio Orlando,$ffl. 1908-1910$3207624 702 #1 $aNegrão,$bJoão Carlos da Silva,$f1876-$4230$399814 702 #1 $aMartinho,$bEduardo Antunes,$fca 18- -$4390$381682 702 #1 $aAndrade,$bArtur Rebelo de,$fca 18- -$4390$34853 801 #0 $aPT$bBN$gRPC 856 40 $uhttps://purl.pt/49004 856 41 $uhttps://purl.pt/49004/service/media/cover/low 856 49 $uhttps://purl.pt/49004/service/media/pdf$qapplication/pdf 958 ## $aBND$bLivre$cDigitalizado$d1$ehttps://purl.pt/49004/service/media/cover/max 966 ## $lBN$mRESMAN$sCOD. 12144 995 ## $aPRR2022 $d20231115$idfontes$zBND
Etiqueta de registo: 00000ndm 2200025 001 2177489 003 http://id.bnportugal.gov.pt/bib/catbnp/2177489 100 ## $a20240813f19201960k y0pory01030103ba 101 0# $aita 106 ## $ah 200 1# $aCore'ngrato$bMúsica manuscrita]$fMusica di S. Cardillo 210 #1 $d[Entre 1920 e 1960] 215 ## $a1 partitura (4 p.)$d35 x 27 cm 300 ## $aCanção Napolitana muitas vezes conhecida pelas primeiras palavras do texto "Catarì,
Catarì" 307 ## $aPartitura danificada com alguns rasgões, comprometendo os segundos e terceiros sistemas
da página 1 317 ## $aConservatório Nacional 500 11 $aCanções,$rV, pf,$uRé ¬ maior 675 ## $a78.089.6$vBN$zpor$3536969 702 #1 $aNegrão,$bJoão Carlos da Silva,$f1876-$4700$399814 712 01 $aPortugal.$bConservatório Nacional.$bEscola de Música$4390$31172174 801 #0 $aPT$bBN$gRPC 966 ## $lBN$mMUSICA$sC.N. 734 971 ## $cCatmusica1$d20240813
Etiqueta de registo: 00000ndm 2200025 001 2189689 003 http://id.bnportugal.gov.pt/bib/catbnp/2189689 100 ## $a20241009d1920 k y0pory01030103ba 101 0# $afre$ager 102 ## $aPT 106 ## $ah 200 1# $aComme la nuit$bMúsica manuscrita]$eAncienne chanson d'amour$fCarl Bohm$gMaria D'Eça Leal Abecassis$gCopia de Silva Negrão 210 #1 $d1920 215 ## $a1 partitura (8 p.)$d35 x 28 cm 304 ## $aAutoria da copia na p. 5 317 ## $aIPPC, Departamento de Musicologia 500 11 $aCanções,$rV, pf,$sOp. 326, N.º 27,$uRé maior 675 ## $a78.089.6$vBN$zpor$3536969 700 #1 $aBohm,$bKarl,$f1844-1920$31265262 701 #1 $aNegrão,$bJoão Carlos da Silva,$f1876-$4700$399814 702 #1 $aAbecassis,$bMaria de Eça Leal$4390$3363 712 01 $aPortugal.$bInstituto Português do Património Cultural.$bDepartamento de Musicologia$4390$3285717 801 #0 $aPT$bBN$gRPC 966 ## $lBN$mMUSICA$sM.M. 6179 971 ## $cCatmusica2$d20241009
Etiqueta de registo: 00000ndm 2200025 001 2246618 003 http://id.bnportugal.gov.pt/bib/catbnp/2246618 100 ## $a20260113f18951930k y0pory01030103ba 101 0# $apor 102 ## $aPT 106 ## $ah 200 1# $aDolores$bMúsica manuscrita]$eJota$fTomas Breton$garranjo para banda por S. Negrão$gpropriedade de A. M. Cl [?] 210 #1 $d[Entre 1895 e 1930] 215 ## $a1 partitura (26 p.)$d22 x 30 cm 317 ## $aIPPC, Departamento de Musicologia, Fundo Pavia de Magalhães 500 11 $aLa Dolores,$rbanda 501 ## $aOperas. 514 ## $aGran jota de la Dolores 675 ## $a78.089.6$vBN$zpor$3536969 700 #1 $aBretón,$bTomás,$f1850-1923$3454497 701 #1 $aNegrão,$bJoão Carlos da Silva,$f1876-$4030$399814 712 01 $aPortugal.$bInstituto Português do Património Cultural.$bDepartamento de Musicologia$4390$3285717 801 #0 $aPT$bBN$gRPC 966 ## $lBN$mMUSICA$sPM 3016$x7 971 ## $cCatmusica9$d20260113 995 ## $aPRR2026 $d20260113$iCatmusica9
Etiqueta de registo: 00000ndm 2200025 001 2246187 003 http://id.bnportugal.gov.pt/bib/catbnp/2246187 100 ## $a20260113f18901950k y0pory01030103ba 101 0# $apor 101 0# $afre 102 ## $aPT 106 ## $ah 200 1# $aAimer est Souffrir$bMúsica manuscrita]$eValse lente$gpor: Silva Negrão. 210 #1 $d[Entre 1890 e 1950] 215 ## $a4 partes$d30 x 22 cm 317 ## $aJ. J. A. Trovão 317 ## $aIPPC, Departamento de Musicologia, Fundo Pavia de Magalhães 500 11 $aValsas,$r2vl, vlc, cb, pf 675 ## $a78.089.6$vBN$zpor$3536969 700 #1 $aNegrão,$bJoão Carlos da Silva,$f1876-$399814 712 01 $aPortugal.$bInstituto Português do Património Cultural.$bDepartamento de Musicologia$4390$3285717 801 #0 $aPT$bBN$gRPC 966 ## $lBN$mMUSICA$sPM 2392$x7 971 ## $cCatmusica4$d20260113 995 ## $aPRR2026 $d20260113$iCatmusica4
Etiqueta de registo: 00000ndm 2200025 001 2251099 003 http://id.bnportugal.gov.pt/bib/catbnp/2251099 100 ## $a20260120f19001960k y0pory01030103ba 101 0# $apor 102 ## $aPT 106 ## $ah 200 1# $aA Perola$bMúsica manuscrita]$eMazurka$fpor João Carlos da Silva$gPosse de Eduardo Henriques Pavia de Magalhães 210 #1 $d[Entre 1900 a 1960] 215 ## $a1 partitura (4 p.)$d21 x 30 cm 317 ## $aIPPC, Departamento de Musicologia, Fundo Pavia de Magalhães 500 11 $aMazurcas,$rpf 675 ## $a78.089.6$vBN$zpor$3536969 700 #1 $aNegrão,$bJoão Carlos da Silva,$f1876-$399814 702 #1 $aMagalhães,$bEduardo Pavia de,$f1885-1960$4390$31469018 712 01 $aPortugal.$bInstituto Português do Património Cultural.$bDepartamento de Musicologia$4390$3285717 801 #0 $aPT$bBN$gRPC 966 ## $lBN$mMUSICA$sPM 4341$x7 971 ## $cCatmusica1$d20260120 995 ## $aPRR2026 $d20260120$iCatmusica1
Etiqueta de registo: 00000ndm 2200025 001 2251097 003 http://id.bnportugal.gov.pt/bib/catbnp/2251097 100 ## $a20260120f19001960k y0pory01030103ba 101 0# $apor 102 ## $aPT 106 ## $ah 200 1# $aA Perola$bMúsica manuscrita]$eMazurka$fpor João Carlos da Silva Negrão$gInstrumentada para orchestra por Eduardo H. P. de Magalhães.$cBeja$eMazurka$fpor João Carlos de Sousa Moraes $gPosse de Eduardo Henriques Pavia de Magalhães 210 #1 $aTavira,$d[entre 1900 a 1960] 215 ## $a12 partes$d22 x 30 cm 317 ## $aIPPC, Departamento de Musicologia, Fundo Pavia de Magalhães 500 11 $aMazurcas,$rorq 675 ## $a78.089.6$vBN$zpor$3536969 700 #1 $aNegrão,$bJoão Carlos da Silva,$f1876-$399814 701 #1 $aMorais,$bJoão Carlos de Sousa,$f1863-1919$4070$31202240 702 #1 $aMagalhães,$bEduardo Pavia de,$f1885-1960$4030$31469018 712 01 $aPortugal.$bInstituto Português do Património Cultural.$bDepartamento de Musicologia$4390$3285717 801 #0 $aPT$bBN$gRPC 966 ## $lBN$mMUSICA$sPM 4340$x7 971 ## $cCatmusica1$d20260120 995 ## $aPRR2026 $d20260120$iCatmusica1
Etiqueta de registo: 00000ndm 2200025 001 2255299 003 http://id.bnportugal.gov.pt/bib/catbnp/2255299 100 ## $a20260127d1928 k y0pory01030103ba 101 0# $apor 102 ## $aPT 106 ## $ah 200 1# $aPoemêto Sinfónico$bMúsica manuscrita]$fJorge Croner de Vasconcelos 210 #1 $d1928 215 ## $a1 partitura (36 p.)$d38 x 30 cm 304 ## $a"(Copia de Silva Negrão)" no fim da partitura 307 ## $aO forro da capa da partitura é bordado sobre linho forrado de chita de padrão, por
Vergília do Canto Brandão 317 ## $a IPPC, Departamento de Musicologia, Espólio de Jorge Croner de Vasconcelos 500 11 $aPoemas Sinfónicos,$rorq,$sJ. C. V. 55 675 ## $a78.089.6$vBN$zpor$3536969 700 #1 $aVasconcelos,$bJorge Croner de,$f1910-1974$351830 702 #1 $aNegrão,$bJoão Carlos da Silva,$f1876-$4700$399814 712 01 $aPortugal.$bInstituto Português do Património Cultural.$bDepartamento de Musicologia$4390$3285717 801 #0 $aPT$bBN$gRPC 966 ## $lBN$mMUSICA$sEMUS14 1$x7 971 ## $cCatmusica12$d20260127 972 ## $e0$z0$d20260324$vssequeira 995 ## $aPRR2026 $d20260127$iCatmusica12
Etiqueta de registo: 00000ndm 2200025 001 2260235 003 http://id.bnportugal.gov.pt/bib/catbnp/2260235 100 ## $a20260203f18501930k y0pory01030103ba 101 0# $apor 102 ## $aPT 106 ## $ah 200 1# $a O Bilhete postal$bMúsica manuscrita]$epasso dobrado para fanfarra$fpor J. C. S. Negrão 210 #1 $d[Entre 1850 e 1930] 215 ## $a1 partitura (6 p.)$d22 x 03 cm 317 ## $aColeção Valério Peres Franco 500 11 $aMarchas,$rbanda 675 ## $a78.089.6$vBN$zpor$3536969 700 #1 $aNegrão,$bJoão Carlos da Silva,$f1876-$399814 801 #0 $aPT$bBN$gRPC 966 ## $lBN$mMUSICA$sVPF 1700$x7 971 ## $cCatmusica4$d20260203 995 ## $aPRR2026 $d20260203$iCatmusica4
Etiqueta de registo: 00000ndm 2200025 001 2260188 003 http://id.bnportugal.gov.pt/bib/catbnp/2260188 100 ## $a20260203f18501930k y0pory01030103ba 101 0# $apor 102 ## $aPT 106 ## $ah 200 1# $a O 27 da 3ª$bMúsica manuscrita]$ePasso dobrado para fanfarra$fJ. C. S.ª Negrão 210 #1 $d[Entre 1850 e 1930] 215 ## $a1 partitura (6 p.)$d22 x 30 cm 317 ## $aColeção Valério Peres Franco 500 11 $aMarchas,$rbanda 675 ## $a78.089.6$vBN$zpor$3536969 700 #1 $aNegrão,$bJoão Carlos da Silva,$f1876-$399814 801 #0 $aPT$bBN$gRPC 966 ## $lBN$mMUSICA$sVPF 1698$x7 971 ## $cCatmusica4$d20260203 995 ## $aPRR2026 $d20260203$iCatmusica4
Etiqueta de registo: 00000ndm 2200025 001 2260166 003 http://id.bnportugal.gov.pt/bib/catbnp/2260166 100 ## $a20260203f19001930k y0pory01030103ba 101 0# $apor 102 ## $aPT 106 ## $ah 200 1# $a O derradeiro adeus$bMúsica manuscrita]$eMarcha funebre$fpor J. C. S. Negrão 210 #9 $d[Entre 1900 e 1930] 215 ## $a1 partitura (8 p.)$d22 x 30 cm 317 ## $aColeção Valério Peres Franco 500 11 $aMarchas,$rbanda,$uSol menor 675 ## $a78.089.6$vBN$zpor$3536969 701 #1 $aNegrão,$bJoão Carlos da Silva,$f1876-$4330$399814 801 #0 $aPT$bBN$gRPC 966 ## $lBN$mMUSICA$sVPF 549$x7 971 ## $cCatmusica6$d20260203 995 ## $aPRR2026 $d20260203$iCatmusica6
Etiqueta de registo: 00000ndm 2200025 001 2260048 003 http://id.bnportugal.gov.pt/bib/catbnp/2260048 100 ## $a20260203f18901940k y0pory01030103ba 101 0# $apor 102 ## $aPT 106 ## $ah 200 1# $aMarcha burlesca$bMúsica manuscrita]$epara Violino e Piano$fpor Silva Negrão 210 #1 $d[Entre 1890 e 1940] 215 ## $a1 partitura (3 p.)$d35 x 27 cm 317 ## $aColeção Valério Peres Franco 500 11 $aMarchas,$rvl, pf 675 ## $a78.089.6$vBN$zpor$3536969 700 #1 $aNegrão,$bJoão Carlos da Silva,$f1876-$399814 801 #0 $aPT$bBN$gRPC 966 ## $lBN$mMUSICA$sVPF 1268$x7 971 ## $cCatmusica1$d20260203 972 ## $e0$z0$d20260324$vssequeira 995 ## $aPRR2026 $d20260203$iCatmusica1
Etiqueta de registo: 00000ndm 2200025 001 2259967 003 http://id.bnportugal.gov.pt/bib/catbnp/2259967 100 ## $a20260202f18501930k y0pory01030103ba 101 0# $afre 102 ## $aPT 106 ## $ah 200 1# $a Le Rendez-vous$bMúsica manuscrita]$eSuite de Valses$fpor Emile Waldteufel$gde paino para banda por J. C. S. Negrão 210 #1 $d[Entre 1850 e 1930] 215 ## $a1 partitura (20 p.)$d22 x 30 cm 317 ## $aColeção Valério Peres Franco 500 11 $aSuites,$rbanda ;$warr. 675 ## $a78.089.6$vBN$zpor$3536969 700 #1 $aWaldteufel,$bÉmile,$f1837-1915$31057009 701 #1 $aNegrão,$bJoão Carlos da Silva,$f1876-$4030$399814 801 #0 $aPT$bBN$gRPC 966 ## $lBN$mMUSICA$sVPF 1688$x7 971 ## $cCatmusica4$d20260203 995 ## $aPRR2026 $d20260203$iCatmusica4
Etiqueta de registo: 00000ndm 2200025 001 2259754 003 http://id.bnportugal.gov.pt/bib/catbnp/2259754 100 ## $a20260203f19101962k y0pory01030103ba 101 0# $apor 102 ## $aPT 106 ## $ah 200 1# $aAria obrigada a Saxofone$bMúsica manuscrita]$fpor J. R. Cordeiro$gpara Fanfarra por J. C. S.a Negrão 210 #1 $d[1910 e 1932] 215 ## $a1 partitura (14 p.)$d22x 30 cm 317 ## $aColeção Valério Peres Franco 500 11 $aPeças,$rbanda,$warr. 675 ## $a78.089.6$vBN$zpor$3536969 701 #1 $aCordeiro,$bJoão Rodrigues,$f1826-1881$4330$3221305 702 #1 $aNegrão,$bJoão Carlos da Silva,$f1876-$4030$399814 801 #0 $aPT$bBN$gRPC 966 ## $lBN$mMUSICA$sVPF 524$x7 971 ## $cCatmusica7$d20260203 995 ## $aPRR2026 $d20260203$iCatmusica7
Etiqueta de registo: 00000ndm 2200025 001 2259634 003 http://id.bnportugal.gov.pt/bib/catbnp/2259634 100 ## $a20260203f18951930k y0pory01030103ba 101 0# $apor 102 ## $aPT 106 ## $ah 200 1# $a A Perola$bMúsica manuscrita]$eMazurka$fpor J. C. S. Negrão 210 #1 $d[Entre 1895 e 1930] 215 ## $a1 partitura (6 p.)$d23 x 30 cm 317 ## $aColeção Valério Peres Franco 317 ## $aC. A. D'Abreu & C.ª (carimbo) 500 11 $aMazurcas,$rbanda 675 ## $a78.089.6$vBN$zpor$3536969 700 #1 $aNegrão,$bJoão Carlos da Silva,$f1876-$399814 801 #0 $aPT$bBN$gRPC 966 ## $lBN$mMUSICA$sVPF 1504$x7 971 ## $cCatmusica12$d20260203 972 ## $e0$z0$d20260327$vssequeira 995 ## $aPRR2026 $d20260203$iCatmusica12
Etiqueta de registo: 00000ndm 2200025 001 2259626 003 http://id.bnportugal.gov.pt/bib/catbnp/2259626 100 ## $a20260203f18951930k y0pory01030103ba 101 0# $apor 102 ## $aPT 106 ## $ah 200 1# $aIrcilia$bMúsica manuscrita]$eMazurka com variação de Clarinete$fpor J. C. S. Negrão 210 #9 $d[Entre 1895 e 1930] 215 ## $a1 partitura (8 p.)$d22 x 30 cm 317 ## $aColeção Valério Peres Franco 500 11 $aMazurcas,$rbanda 675 ## $a78.089.6$vBN$zpor$3536969 700 #1 $aNegrão,$bJoão Carlos da Silva,$f1876-$399814 801 #0 $aPT$bBN$gRPC 966 ## $lBN$mMUSICA$sVPF 1501$x7 971 ## $cCatmusica12$d20260203 972 ## $e0$z0$d20260327$vssequeira 995 ## $aPRR2026 $d20260203$iCatmusica12
Etiqueta de registo: 00000ndm 2200025 001 2260274 003 http://id.bnportugal.gov.pt/bib/catbnp/2260274 100 ## $a20260204f18901930k y0pory01030103ba 101 0# $apor 102 ## $aPT 106 ## $ah 200 1# $aMazurka sobre motivos da applaudida revista o Tim-tim por tim-tim$bMúsica manuscrita]$farranjada para banda por J. C. S. Negrão 210 #1 $d[Entre 1890 e 1930] 215 ## $a1 partitura (4 p.)$d22 x 30 cm 317 ## $aColeção Valério Peres Franco 500 11 $aMazurkas,$rbanda,$warr. 501 ## $aRevistas 518 ## $aMazurca sobre motivos da aplaudida revista o tim-tim por tim-tim 675 ## $a78.089.6$vBN$zpor$3536969 700 #1 $aNegrão,$bJoão Carlos da Silva,$f1876-$399814 801 #0 $aPT$bBN$gRPC 966 ## $lBN$mMUSICA$sVPF 1344$x7 971 ## $cCatmusica12$d20260204 995 ## $aPRR2026 $d20260204$iCatmusica12
Etiqueta de registo: 00000ndm 2200025 001 2261103 003 http://id.bnportugal.gov.pt/bib/catbnp/2261103 100 ## $a20260204f19001962k y0pory01030103ba 101 0# $apor 102 ## $aPT 106 ## $ah 200 1# $aPalmira$bMúsica manuscrita]$eValsa$fpor João Carlos da Silva Negrão 210 #1 $d[Entre 1900 e 1962] 215 ## $a1 partitura (6 p.)$d22 x 31 cm 317 ## $aColeção Valério Peres Franco 500 11 $aValsas,$rorq 675 ## $a78.089.6$vBN$zpor$3536969 700 #1 $aNegrão,$bJoão Carlos da Silva,$f1876-$399814 801 #0 $aPT$bBN$gRPC 966 ## $lBN$mMUSICA$sVPF 1864$x7 971 ## $cCatmusica4$d20260204 995 ## $aPRR2026 $d20260204$iCatmusica4
Etiqueta de registo: 00000ndm 2200025 001 2261759 003 http://id.bnportugal.gov.pt/bib/catbnp/2261759 100 ## $a20260205f18901930k y0pory01030103ba 101 0# $apor 102 ## $aPT 106 ## $ah 200 1# $aBriza matutina$bMúsica manuscrita]$eValsa$fpor J. C. Silva Negrão 210 #1 $d[Entre 1890 e 1930] 215 ## $a1 partitura (6 p.)$d22 x 30 cm 300 ## $aProvável autógrafo 317 ## $aColeção Valério Peres Franco 500 11 $aValsas,$rbanda 675 ## $a78.089.6$vBN$zpor$3536969 700 #1 $aNegrão,$bJoão Carlos da Silva,$f1876-$399814 801 #0 $aPT$bBN$gRPC 966 ## $lBN$mMUSICA$sVPF 2572$x7 971 ## $cCatmusica6$d20260205 995 ## $aPRR2026 $d20260205$iCatmusica6
Etiqueta de registo: 00000ndm 2200025 001 2261715 003 http://id.bnportugal.gov.pt/bib/catbnp/2261715 100 ## $a20260205f18801920k y0pory01030103ba 101 0# $a 102 ## $aPT 106 ## $ah 200 1# $aMomentos tristes$bMúsica manuscrita]$ePasso dobrado funebre$fpor J. C. S. Negrão 210 #1 $d[Entre 1880 e 1920] 215 ## $a1 partitura (4 p.)$d22 x 31 cm 317 ## $aColeção V\alério Peres Franco 500 11 $aMarchas,$rbanda 675 ## $a78.089.6$vBN$zpor$3536969 700 #1 $aNegrão,$bJoão Carlos da Silva,$f1876-$399814 801 #0 $aPT$bBN$gRPC 966 ## $lBN$mMUSICA$sVPF 2082$x7 971 ## $cCatmusica1$d20260205 995 ## $aPRR2026 $d20260205$iCatmusica1
Etiqueta de registo: 00000ndm 2200025 001 2261708 003 http://id.bnportugal.gov.pt/bib/catbnp/2261708 100 ## $a20260205f18801920k y0pory01030103ba 101 0# $a 102 ## $aPT 106 ## $ah 200 1# $aDôr Pungente$bMúsica manuscrita]$ePasso dobrado funebre$fpor J. C. S. Negrão 210 #1 $d[Entre 1880 e 1920] 215 ## $a1 partitura (6 p.)$d22 x 31 cm 317 ## $aColeção V\alério Peres Franco 500 11 $aMarchas,$rbanda 675 ## $a78.089.6$vBN$zpor$3536969 700 #1 $aNegrão,$bJoão Carlos da Silva,$f1876-$399814 801 #0 $aPT$bBN$gRPC 966 ## $lBN$mMUSICA$sVPF 2081$x7 971 ## $cCatmusica1$d20260205 995 ## $aPRR2026 $d20260205$iCatmusica1
Etiqueta de registo: 00000ndm 2200025 001 2261619 003 http://id.bnportugal.gov.pt/bib/catbnp/2261619 100 ## $a20260205f19001930k y0pory01030103ba 101 0# $apor 102 ## $aPT 106 ## $ah 200 1# $aNoites de Madrid$bMúsica manuscrita]$eTango$fpor P. C. S. Negrão 210 #1 $d[Entre 1900 e 1930] 215 ## $a1 partitura (6 p.)$d22 x 30 cm 317 ## $aColeção Valério Peres Franco 500 11 $aTangos,$rbanda 675 ## $a78.089.6$vBN$zpor$3536969 700 #1 $aNegrão,$bJoão Carlos da Silva,$f1876-$399814 801 #0 $aPT$bBN$gRPC 966 ## $lBN$mMUSICA$sVPF 2395$x7 971 ## $cCatmusica5$d20260205 972 ## $e0$z0$d20260326$vssequeira 995 ## $aPRR2026 $d20260205$iCatmusica5
Etiqueta de registo: 00000ndm 2200025 001 2261523 003 http://id.bnportugal.gov.pt/bib/catbnp/2261523 100 ## $a20260205f18901950k y0pory01030103ba 101 0# $apor 102 ## $aPT 106 ## $ah 200 1# $aNova Bisnaga$bMúsica manuscrita]$ePolka$fpor A. M. Castilho$gArranjada para banda com Solo de Saxphone por J. C. S. Negrão 210 #1 $d[Entre 1890 a 1950] 215 ## $a1 partitura (8 p.)$d22 x 30 cm 317 ## $aColeção Valério Peres Franco 500 11 $aPolcas,$rbanda 675 ## $a78.089.6$vBN$zpor$3536969 700 #1 $aCastilho,$bAugusto Maria,$f1830-$31983207 702 #1 $aNegrão,$bJoão Carlos da Silva,$f1876-$4030$399814 801 #0 $aPT$bBN$gRPC 966 ## $lBN$mMUSICA$sVPF 2298$x7 971 ## $cCatmusica2$d20260205 995 ## $aPRR2026 $d20260205$iCatmusica2
Etiqueta de registo: 00000ndm 2200025 001 2261521 003 http://id.bnportugal.gov.pt/bib/catbnp/2261521 100 ## $a20260205f19001930k y0pory01030103ba 101 0# $aspa 102 ## $aPT 106 ## $ah 200 1# $a El Niño Torero$bMúsica manuscrita]$eFaico$ePasa Calle$fpor João Carlos da Silva Negrão 210 #1 $d[Entre 1900 e 1930] 215 ## $a1 partitura (8 p.)$d23 x 30 cm 317 ## $aColeção Valério Peres Franco 500 11 $aMarchas,$rbanda 675 ## $a78.089.6$vBN$zpor$3536969 700 #1 $aNegrão,$bJoão Carlos da Silva,$f1876-$399814 801 #0 $aPT$bBN$gRPC 966 ## $lBN$mMUSICA$sVPF 2389$x7 971 ## $cCatmusica5$d20260205 972 ## $e0$z0$d20260326$vssequeira 995 ## $aPRR2026 $d20260205$iCatmusica5
Etiqueta de registo: 00000ndm 2200025 001 2261493 003 http://id.bnportugal.gov.pt/bib/catbnp/2261493 100 ## $a20260205f18801940k y0pory01030103ba 101 0# $apor 102 ## $aPT 106 ## $ah 200 1# $a [ Contradanças]$bMúsica manuscrita]$fpor J. C. S. Negrão 210 #1 $d[Entre 1880 a 1940] 215 ## $a1 partitura (18 p.)$d22 x 30 cm 317 ## $aColeção Valério Peres Franco 327 11 $aContradança n.º1$aContradança n.º2$aContradança n.º3$aContradança n.º4$aContradança n.º5$aContradança n.º6$aContradança n.º7$aContradança n.º8 500 11 $aDanças,$rbanda 675 ## $a78.089.6$vBN$zpor$3536969 700 #1 $aNegrão,$bJoão Carlos da Silva,$f1876-$399814 801 #0 $aPT$bBN$gRPC 966 ## $lBN$mMUSICA$sVPF 2296$x7 971 ## $cCatmusica2$d20260205 995 ## $aPRR2026 $d20260205$iCatmusica2
Etiqueta de registo: 00000ndm 2200025 001 2261482 003 http://id.bnportugal.gov.pt/bib/catbnp/2261482 100 ## $a20260205d1894 k y0pory01030103ba 101 0# $a 102 ## $aPT 106 ## $ah 200 1# $aOs Perdigões$bMúsica manuscrita]$ePasso dobrado$fpor J. C. da Silva Negrão 210 #1 $d25/4/1894 215 ## $a1 partitura (10 p.)$d21 x 29 cm 317 ## $aColeção Valério Peres Franco 500 11 $aMarchas,$rbanda 675 ## $a78.089.6$vBN$zpor$3536969 700 #1 $aNegrão,$bJoão Carlos da Silva,$f1876-$399814 801 #0 $aPT$bBN$gRPC 966 ## $lBN$mMUSICA$sVPF 2072$x7 971 ## $cCatmusica1$d20260205 995 ## $aPRR2026 $d20260205$iCatmusica1
Etiqueta de registo: 00000ndm 2200025 001 2261201 003 http://id.bnportugal.gov.pt/bib/catbnp/2261201 100 ## $a20260205f18901950k y0pory01030103ba 101 0# $apor 102 ## $aPT 106 ## $ah 200 1# $aSalau$bMúsica manuscrita]$eTango$fpor João Carlos da Silva Negrão 210 #1 $d[Entre 1890 a 1950] 215 ## $a1 partitura (8 p.)$d22 x 30 cm 317 ## $aColeção Valério Peres Franco 500 11 $aTangos,$rbanda 675 ## $a78.089.6$vBN$zpor$3536969 700 #1 $aNegrão,$bJoão Carlos da Silva,$f1876-$399814 801 #0 $aPT$bBN$gRPC 966 ## $lBN$mMUSICA$sVPF 1849$x7 971 ## $cCatmusica2$d20260205 972 ## $e0$z0$d20260302$vssequeira 995 ## $aPRR2026 $d20260205$iCatmusica2
Etiqueta de registo: 00000ndm 2200025 001 2264400 003 http://id.bnportugal.gov.pt/bib/catbnp/2264400 100 ## $a20260210f18901920k y0pory01030103ba 101 0# $a 102 ## $aPT 106 ## $ah 200 1# $aManuelita$bMúsica manuscrita]$eValsa$fpor Wldteufel$gde piano parar banda por J. C. Sª Negrão 210 #1 $d[Entre 1890 e 1920] 215 ## $a1 partitura (22 p.)$d23 x 31 cm 317 ## $aColeção Valério Peres Franco 500 11 $aValsas,$rbanda 675 ## $a78.089.6$vBN$zpor$3536969 700 #1 $aWaldteufel,$bÉmile,$f1837-1915$31057009 702 #1 $aNegrão,$bJoão Carlos da Silva,$f1876-$4030$399814 801 #0 $aPT$bBN$gRPC 966 ## $lBN$mMUSICA$sVPF 4143$x7 971 ## $cCatmusica1$d20260210 995 ## $aPRR2026 $d20260210$iCatmusica1
Etiqueta de registo: 00000ndm 2200025 001 2267005 003 http://id.bnportugal.gov.pt/bib/catbnp/2267005 100 ## $a20260213f19001940k y0pory01030103ba 101 0# $apor 102 ## $aPT 106 ## $ah 200 1# $a O Tontinho$bMúsica manuscrita]$eCançoneta$fMusica de S. Negrão 210 #1 $d[Entre 1900 e 1940] 215 ## $a4 partituras (2, 2, 2, 2 p.)$d23 x 30 cm 307 ## $aQuatro exemplares da mesma partitura 317 ## $aEspólio de Alfredo Mântua 317 ## $a"Secção Teatral - R. da Horta Sêca, 3" (carimbo) 500 11 $aCançonetas,$rV, pf 675 ## $a78.089.6$vBN$zpor$3536969 700 #1 $aNegrão,$bJoão Carlos da Silva,$f1876-$399814 712 02 $aFerreira & Franco,$cLivraria,$bSecção Teatral$4160$31985422 801 #0 $aPT$bBN$gRPC 966 ## $lBN$mMUSICA$sEMUS16 395$x7 971 ## $cCatmusica11$d20260213 995 ## $aPRR2026 $d20260213$iCatmusica11
Etiqueta de registo: 00000ndm 2200025 001 2266790 003 http://id.bnportugal.gov.pt/bib/catbnp/2266790 100 ## $a20260213f18901940k y0pory01030103ba 101 0# $apor 102 ## $aPT 106 ## $ah 200 1# $a O bigode$bMúsica manuscrita]$eCançoneta$fAida Costa 210 #1 $d[Entre 1890 e 1940] 215 ## $a5 partituras (2, 2, 2, 2, 2 p.)$d23 x 30 cm 304 ## $aAutoria retirada da 5.ª partitura 307 ## $a5 cópias 317 ## $aEspólio de Alfredo Mântua 317 ## $aLivraria Popular (carimbo) 317 ## $a[Livraria Ferreira & Franco] Secção teatral (carimbo) 500 11 $aCançonetas,$rV, pf 675 ## $a78.089.6$vBN$zpor$3536969 700 #1 $aNegrão,$bJoão Carlos da Silva,$f1876-$399814 712 02 $aFerreira & Franco,$cLivraria,$bSecção Teatral$4160$31985422 801 #0 $aPT$bBN$gRPC 966 ## $lBN$mMUSICA$sEMUS16 163$x7 971 ## $cCatmusica3$d20260213 972 ## $e0$z0$d20260325$vssequeira 995 ## $aPRR2026 $d20260213$iCatmusica3
Etiqueta de registo: 00000ndm 2200025 001 2267644 003 http://id.bnportugal.gov.pt/bib/catbnp/2267644 100 ## $a20260216f19001950k y0pory01030103ba 101 0# $apor 102 ## $aPT 106 ## $ah 200 1# $a1, 2, 3,$bMúsica manuscrita]$eCançoneta$fpor Esculapio$gMusica de Silva Negrão 210 #1 $d[Entre 1900 e 1950] 215 ## $a1 partitura (2 p.)$d22 x 30 cm 317 ## $aEspólio de Alfredo Mântua 500 11 $aCançonetas,$rV, pf 675 ## $a78.089.6$vBN$zpor$3536969 700 #1 $aNegrão,$bJoão Carlos da Silva,$f1876-$399814 701 #1 $aFernandes,$bEduardo,$f1870-1945$4520$328614 801 #0 $aPT$bBN$gRPC 966 ## $lBN$mMUSICA$sEMUS16 611$x7 971 ## $cCatmusica1$d20260216 995 ## $aPRR2026 $d20260216$iCatmusica1
Etiqueta de registo: 00000ndm 2200025 001 2268259 003 http://id.bnportugal.gov.pt/bib/catbnp/2268259 100 ## $a20260218f19001940k y0pory01030103ba 101 0# $apor 102 ## $aPT 106 ## $ah 200 1# $a As continencias$bMúsica manuscrita]$eCançoneta (Instrumentada para quintetto)$fCopia de Edmundo José Rodrigues 210 #1 $d[Entre 1900 e 1940] 215 ## $a1 parte$d22 x 30 cm 300 ## $aOutro exemplar, com um tonalidade diferente, presente na cota EMUS16 1952 304 ## $aAutorias inferidas por comparação com: COD. 12144 307 ## $aIncompleto, apenas parte de piano 317 ## $aEspólio de Alfredo Mântua 317 ## $a"Secção Teatral - R. da Horta Sêca, 3" (carimbo) 500 11 $aCançonetas,$rpf 675 ## $a78.089.6$vBN$zpor$3536969 700 #1 $aNegrão,$bJoão Carlos da Silva,$f1876-$399814 701 #1 $aDumont,$bJúlio Orlando,$ffl. 1908-1910$4520$3207624 712 11 $aFerreira & Franco,$cLivraria,$bSecção Teatral$4160$31985422 801 #0 $aPT$bBN$gRPC 966 ## $lBN$mMUSICA$sEMUS16 852$x7 971 ## $cCatmusica1$d20260218 995 ## $aPRR2026 $d20260218$iCatmusica1
Etiqueta de registo: 00000ndm 2200025 001 2269130 003 http://id.bnportugal.gov.pt/bib/catbnp/2269130 100 ## $a20260219f19001945k y0pory01030103ba 101 0# $apor 102 ## $aPT 106 ## $ah 200 1# $a A Sopeira e o seu derriço$bMúsica manuscrita]$eDuetto$fMusica de Silva Negrão 210 #1 $d[Entre 1900 e 1945] 215 ## $a1 partitura (4 p.) e 6 partes$d22 x 30 cm 304 ## $aAutor do texto inferido de "Collecção de peças theatraes para salas e teatros particulares,
nº 301 das publicações dramáticas da Livraria Popular", de Francisco Franco 317 ## $aEspólio de Alfredo Mântua 500 11 $aCançonetas,$rV, orq, pf 675 ## $a78.089.6$vBN$zpor$3536969 700 #1 $aNegrão,$bJoão Carlos da Silva,$f1876-$399814 702 #1 $aMunné,$bJosé Carlos de Bessa,$ffl. 1902$4520$3175953 801 #0 $aPT$bBN$gRPC 966 ## $lBN$mMUSICA$sEMUS16 951$x7 971 ## $cCatmusica10$d20260219 995 ## $aPRR2026 $d20260219$iCatmusica10
Etiqueta de registo: 00000ndm 2200025 001 2269430 003 http://id.bnportugal.gov.pt/bib/catbnp/2269430 100 ## $a20260220f18901940k y0pory01030103ba 101 0# $apor 102 ## $aPT 106 ## $ah 200 1# $aFui a Paris!$bMúsica manuscrita]$eCançoneta$fMusica de S. Negrão 210 #1 $d[Entre 1890 e 1940] 215 ## $a2 partes$d22 e 30 cm 300 ## $aLetra na parte 1 de piano 317 ## $aEspólio de Alfredo Mântua 500 11 $aCançonetas,$rV, pf 675 ## $a78.089.6$vBN$zpor$3536969 700 #1 $aNegrão,$bJoão Carlos da Silva,$f1876-$399814 801 #0 $aPT$bBN$gRPC 966 ## $lBN$mMUSICA$sEMUS16 1399$x7 971 ## $cCatmusica3$d20260220 995 ## $aPRR2026 $d20260220$iCatmusica3
Etiqueta de registo: 00000ndm 2200025 001 2269343 003 http://id.bnportugal.gov.pt/bib/catbnp/2269343 100 ## $a20260220f18901944k y0pory01030103ba 101 0# $apor 102 ## $aPT 106 ## $ah 200 1# $aAmores d'um marinheiro$bMúsica manuscrita]$eComedia n'um acto$fMusica de Silva Negrão 210 #1 $d[Entre 1890 e 1944] 215 ## $a1 partitura (7 p.)$d22 x 30 cm 304 ## $aAutoria do texto recolhida da cota L. 5664//13 P. 317 ## $aEspólio de Alfredo Mântua 500 11 $aAmores d'um marinheiro.$rV, pf 501 1# $aComédias 675 ## $a78.089.6$vBN$zpor$3536969 700 #1 $aNegrão,$bJoão Carlos da Silva,$f1876-$399814 701 #1 $aBarbosa,$bAntónio Maria Antas,$fca 18--$4480$3857979 801 #0 $aPT$bBN$gRPC 966 ## $lBN$mMUSICA$sEMUS16 1607$x7 971 ## $cCatmusica2$d20260220 995 ## $aPRR2026 $d20260220$iCatmusica2
Etiqueta de registo: 00000ndm 2200025 001 2269265 003 http://id.bnportugal.gov.pt/bib/catbnp/2269265 100 ## $a20260220f19001940k y0pory01030103ba 101 0# $apor 102 ## $aPT 106 ## $ah 200 1# $aÉ d'assobio$bMúsica manuscrita]$eCançoneta$fde J. Dumont Orlando$gMusica de J. C. S. Negrão 210 #1 $d[Entre 1900 e 1940] 215 ## $a7 partituras (2 p.)$d22 x 30 cm 307 ## $aSete cópias manuscritas da obra com duas páginas cada 317 ## $a"Trio Paulus - Cançonetistas" (carimbo) 317 ## $a"[Livraria Ferreira & Franco] Secção teatral" (carimbo) 317 ## $aEspólio de Alfredo Mântua 500 11 $aCançonetas,$rV, pf 675 ## $a78.089.6$vBN$zpor$3536969 700 #1 $aNegrão,$bJoão Carlos da Silva,$f1876-$399814 701 #1 $aDumont,$bJúlio Orlando,$ffl. 1908-1910$4070$3207624 712 02 $aFerreira & Franco,$cLivraria,$bSecção Teatral$4160$31985422 801 #0 $aPT$bBN$gRPC 966 ## $lBN$mMUSICA$sEMUS16 1138$x7 971 ## $cCatmusica8$d20260220 995 ## $aPRR2026 $d20260220$iCatmusica8
Etiqueta de registo: 00000ndm 2200025 001 2269801 003 http://id.bnportugal.gov.pt/bib/catbnp/2269801 100 ## $a20260221f19001940k y0pory01030103ba 101 0# $apor 102 ## $aPT 106 ## $ah 200 1# $aQue coisa enorme!...$bMúsica manuscrita]$fMusica de S. Negrão 210 #1 $d[Entre 1900 e 1940] 215 ## $a3 partituras (2 p.)$d23 x 30 cm 307 ## $aTrês cópias por mãos diferentes 317 ## $aEspólio de Alfredo Mântua 317 ## $aCarimbo azul: Ferreira & Franco, L.da / Secção Teatral / Rua da Horta Seca, 3 / Lisboa 317 ## $aCarimbo: Secção Teatral - R. da Horta Sêca, 3 500 11 $aCançonetas,$rV, pf 675 ## $a78.089.6$vBN$zpor$3536969 700 #1 $aNegrão,$bJoão Carlos da Silva,$f1876-$399814 712 02 $aFerreira & Franco,$cLivraria,$bSecção Teatral$4160$31985422 801 #0 $aPT$bBN$gRPC 966 ## $lBN$mMUSICA$sEMUS16 1753$x7 971 ## $cCatmusica12$d20260221 995 ## $aPRR2026 $d20260221$iCatmusica12
Etiqueta de registo: 00000ndm 2200025 001 2270051 003 http://id.bnportugal.gov.pt/bib/catbnp/2270051 100 ## $a20260223f19101950k y0pory01030103ba 101 0# $apor 102 ## $aPT 106 ## $ah 200 1# $a Um Beijo$bMúsica manuscrita]$eDueto 210 #1 $d[Entre 1910 a 1950] 215 ## $a6 partes$d22 x 30 cm 304 ## $aAutoria inferida através da cota EMUS16 2026 307 ## $aSem letra 317 ## $aEspólio de Alfredo Mântua 500 11 $aCançonetas,$rV, orq 675 ## $a78.089.6$vBN$zpor$3536969 700 #1 $aNegrão,$bJoão Carlos da Silva,$f1876-$399814 801 #0 $aPT$bBN$gRPC 966 ## $lBN$mMUSICA$sEMUS16 2027$x7 971 ## $cCatmusica2$d20260223 995 ## $aPRR2026 $d20260223$iCatmusica2
Etiqueta de registo: 00000ndm 2200025 001 2270043 003 http://id.bnportugal.gov.pt/bib/catbnp/2270043 100 ## $a20260223f19001950k y0pory01030103ba 101 0# $apor 102 ## $aPT 106 ## $ah 200 1# $a Um beijo$bMúsica manuscrita]$eDueto$fMusica de S. Negrão 210 #1 $d[Entre 1900 a 1950] 215 ## $a7 partes$d23 x 30 cm 307 ## $aApesar de se tratar da mesma obra, a parte instrumental para saxofone possivelmente
terá sido escrita a posteriori, não fazendo parte do conjunto orquestral 317 ## $aEspólio de Alfredo Mântua 500 11 $aCançonetas,$rV, orq, a-sax 675 ## $a78.089.6$vBN$zpor$3536969 701 #1 $aNegrão,$bJoão Carlos da Silva,$f1876-$399814 801 #0 $aPT$bBN$gRPC 966 ## $lBN$mMUSICA$sEMUS16 2026$x7 971 ## $cCatmusica2$d20260223 995 ## $aPRR2026 $d20260223$iCatmusica2
Etiqueta de registo: 00000ndm 2200025 001 2269998 003 http://id.bnportugal.gov.pt/bib/catbnp/2269998 100 ## $a20260223f18901940k y0pory01030103ba 101 0# $apor 102 ## $aPT 106 ## $ah 200 1# $aÉ da fita$bMúsica manuscrita]$fMusica de Silva Negrão 210 #1 $d[Entre 1890 e 1940] 215 ## $a1 partitura (2 p.)$d22 x 30 cm 317 ## $aFerreira & Franco, Lda. (carimbo) 317 ## $aEspólio de Alfredo Mântua 500 11 $aCançonetas,$rV, pf 675 ## $a78.089.6$vBN$zpor$3536969 700 #1 $aNegrão,$bJoão Carlos da Silva,$f1876-$399814 712 02 $aFerreira & Franco,$cLivraria,$bSecção Teatral$4160$31985422 801 #0 $aPT$bBN$gRPC 966 ## $lBN$mMUSICA$sEMUS16 2146$x7 971 ## $cCatmusica12$d20260223 995 ## $aPRR2026 $d20260223$iCatmusica12
Etiqueta de registo: 00000ndm 2200025 001 2269948 003 http://id.bnportugal.gov.pt/bib/catbnp/2269948 100 ## $a20260223f19001944k y0pory01030103ba 101 0# $apor 102 ## $aPT 106 ## $ah 200 1# $a O Coupé de Pura$bMúsica manuscrita]$eTyroleza$fMusica de Sª Negrão 210 #1 $d[Entre 1900 e 1944] 215 ## $a1 partitura (2 p.)$d22 x 29 cm 317 ## $aEspólio de Alfredo Mântua 317 ## $aLivraria Popular de Francisco Franco (carimbo) 500 11 $aCançonetas,$rV, pf,$uFá maior 675 ## $a78.089.6$vBN$zpor$3536969 700 #1 $aNegrão,$bJoão Carlos da Silva,$f1876-$399814 712 02 $aFerreira & Franco,$cLivraria,$bSecção Teatral$4160$31985422 801 #0 $aPT$bBN$gRPC 966 ## $lBN$mMUSICA$sEMUS16 557$x7 971 ## $cCatmusica5$d20260220 995 ## $aPRR2026 $d20260220$iCatmusica5
Etiqueta de registo: 00000ndm 2200025 001 2270982 003 http://id.bnportugal.gov.pt/bib/catbnp/2270982 100 ## $a20260224f19101940k y0pory01030103ba 101 0# $apor 102 ## $aPT 106 ## $ah 200 1# $a A maça do Paraiso$bMúsica manuscrita]$eCançoneta$fLetra de J. Dumont (Orlando)$gMusica de S. Negrão 210 #1 $d[Entre 1910 e 1940] 215 ## $a1 partitura (2 p.)$d22 x 29 cm 307 ## $aSem letra para a voz 317 ## $aEspólio de Alfredo Mântua 500 11 $aCançonetas,$rV, pf 518 1# $a A maçã do paraíso 675 ## $a78.089.6$vBN$zpor$3536969 700 #1 $aNegrão,$bJoão Carlos da Silva,$f1876-$399814 701 #1 $aDumont,$bJúlio Orlando,$ffl. 1908-1910$4520$3207624 801 #0 $aPT$bBN$gRPC 966 ## $lBN$mMUSICA$sEMUS16 2420$x7 971 ## $cCatmusica4$d20260224 995 ## $aPRR2026 $d20260224$iCatmusica4
Etiqueta de registo: 00000ndm 2200025 001 2270953 003 http://id.bnportugal.gov.pt/bib/catbnp/2270953 100 ## $a20260224f19001940k y0pory01030103ba 101 0# $apor 102 ## $aPT 106 ## $ah 200 1# $a A Odalisca$bMúsica manuscrita]$eCançoneta$fMusica de Silva Negrão 210 #1 $aLisboa,$d[entre 1900 e 1940] 215 ## $a4 partituras (2, 2, 2, 2 p.)$d22 x 30 cm 306 ## $aLocal recolhido do carimbo da loja 307 ## $aTrês exemplares da mesma partitura 317 ## $aEspólio de Alfredo Mântua 317 ## $a"Secção Teatral - R. da Horta Sêca, 3" (carimbo) 317 ## $a"Livraria Popular de Francisco Franco Lisboa 80, T. de S. Domingos, 80" (carimbo) 500 11 $aCançonetas,$rV, pf 675 ## $a78.089.6$vBN$zpor$3536969 700 #1 $aNegrão,$bJoão Carlos da Silva,$f1876-$399814 712 02 $aFerreira & Franco,$cLivraria,$bSecção Teatral$4160$31985422 801 #0 $aPT$bBN$gRPC 966 ## $lBN$mMUSICA$sEMUS16 1580$x7 971 ## $cCatmusica8$d20260224 995 ## $aPRR2026 $d20260224$iCatmusica8
Etiqueta de registo: 00000ndm 2200025 001 2272174 003 http://id.bnportugal.gov.pt/bib/catbnp/2272174 100 ## $a20260225f18801930k y0pory01030103ba 101 0# $apor 102 ## $aPT 106 ## $ah 200 1# $aRoteiro de Lisbôa$bMúsica manuscrita]$eCançoneta$fMusica de Sª. Negrão 210 #1 $d[Entre 1880 e 1930] 215 ## $a2 partituras (2, 2 p.)$d22 x 30 cm 307 ## $a2 cópias manuscritas da obra 317 ## $a[Livraria Ferreira & Franco) Secção Teatral (carimbo) na partitura 1 317 ## $aEspólio de Alfredo Mântua 500 11 $aCançonetas,$rV, pf 675 ## $a78.089.6$vBN$zpor$3536969 700 #1 $aNegrão,$bJoão Carlos da Silva,$f1876-$399814 712 11 $aFerreira & Franco,$cLivraria,$bSecção Teatral$4160$31985422 801 #0 $aPT$bBN$gRPC 966 ## $lBN$mMUSICA$sEMUS16 2254$x7 971 ## $cCatmusica6$d20260225 995 ## $aPRR2026 $d20260225$iCatmusica6
Etiqueta de registo: 00000ndm 2200025 001 2271581 003 http://id.bnportugal.gov.pt/bib/catbnp/2271581 100 ## $a20260225f19001950k y0pory01030103ba 101 0# $apor 102 ## $aPT 106 ## $ah 200 1# $a O Chicote queimado$bMúsica manuscrita]$eCançoneta$fMusica de Sª Negrão$gPertence a João Portules [?] 210 #1 $d[Entre 1900 a 1950] 215 ## $a3 partituras (2, 2, 2 p.)$d22 x 30 cm 304 ## $aAssinatura de posse na partitura um 307 ## $a3 cópias manuscritas da obra 317 ## $aEspólio de Alfredo Mântua 317 ## $a[Livraria Ferreira & Franco] Secção Teatral (carimbo) nas partituras um e três 500 11 $aCançonetas,$rV, pf 675 ## $a78.089.6$vBN$zpor$3536969 700 #1 $aNegrão,$bJoão Carlos da Silva,$f1876-$399814 712 02 $aFerreira & Franco,$cLivraria,$bSecção Teatral$4160$31985422 801 #0 $aPT$bBN$gRPC 966 ## $lBN$mMUSICA$sEMUS16 1590$x7 971 ## $cCatmusica8$d20260225 995 ## $aPRR2026 $d20260225$iCatmusica8
Etiqueta de registo: 00000ndm 2200025 001 2276488 003 http://id.bnportugal.gov.pt/bib/catbnp/2276488 100 ## $a20260305f19101940k y0pory01030103ba 101 0# $afre$apor 102 ## $aPT 106 ## $ah 200 1# $a A Propos...$bMúsica manuscrita]$eGavotte$fpor H. Tellan$gArranjo de S. Negrão 210 #1 $d[Entre 1910 e 1940] 215 ## $a1 partitura (8 p.) e 10 partes$d22 x 30 cm 317 ## $aEspólio de Alfredo Mântua 500 11 $aDanças,$r2vl, vla, vlc, cb 675 ## $a78.089.6$vBN$zpor$3536969 700 #1 $aTellam,$bHeinrich,$cpseud.$3138196 701 #1 $aNegrão,$bJoão Carlos da Silva,$f1876-$4030$399814 801 #0 $aPT$bBN$gRPC 966 ## $lBN$mMUSICA$sEMUS16 3899$x7 966 ## $lBN$mMUSICA$sEMUS16 3900$x7 971 ## $cCatmusica12$d20260305 995 ## $aPRR2026
Etiqueta de registo: 00000ndm 2200025 001 2276092 003 http://id.bnportugal.gov.pt/bib/catbnp/2276092 100 ## $a20260305f19101940k y0pory01030103ba 101 0# $apor 102 ## $aPT 106 ## $ah 200 1# $aCommandante e galucho$bMúsica manuscrita]$eDueto$fMusica de Silva Negrão 210 #1 $d[Entre 1910 e 1940] 215 ## $a1 partitura (4 p.)$d23 x 30 cm 317 ## $aEspólio de Alfredo Mântua 500 11 $aCançonetas,$rV, pf 675 ## $a78.089.6$vBN$zpor$3536969 700 #1 $aNegrão,$bJoão Carlos da Silva,$f1876-$399814 801 #0 $aPT$bBN$gRPC 966 ## $lBN$mMUSICA$sEMUS16 3882$x7 971 ## $cCatmusica12$d20260305 995 ## $aPRR2026
Etiqueta de registo: 00000ndm 2200025 001 2266984 003 http://id.bnportugal.gov.pt/bib/catbnp/2266984 100 ## $a20260213f19001950k y0pory01030103ba 101 0# $apor 102 ## $aPT 106 ## $ah 200 1# $aÀ vontade da tia$bMúsica manuscrita]$eCançoneta$fMusica de S.ª Negrao 210 #1 $d[Entre 1900 e 1950] 215 ## $a7 partituras (2 p.)$d22 x 30 cm 307 ## $a7 cópias manuscritas da obra. Duas últimas partituras com a letra incompleta 317 ## $aEspólio de Alfredo Mântua 317 ## $a[Livraria Ferreira & Franco] Secção teatral (carimbo) 500 11 $aCançonetas,$rV, pf 606 ## $aMúsica para canto e piano$zSéc. 20$j[Música manuscrita]$2SIPOR$31197111 675 ## $a784.3$vBN$zpor$3379590 675 ## $a786.2$vBN$zpor$3295835 675 ## $a78.089.6$vBN$zpor$3536969 700 #1 $aNegrão,$bJoão Carlos da Silva,$f1876-$399814 712 02 $aFerreira & Franco,$cLivraria,$bSecção Teatral$4160$31985422 801 #0 $aPT$bBN$gRPC 966 ## $lBN$mMUSICA$sEMUS16 7$x7 971 ## $cCatmusica4$d20260213 995 ## $aPRR2026 $d20260213$iCatmusica4
Etiqueta de registo: 00000ndm 2200025 001 2273879 003 http://id.bnportugal.gov.pt/bib/catbnp/2273879 100 ## $a20260302f19001940k y0pory01030103ba 101 0# $apor 102 ## $aPT 106 ## $ah 200 1# $a Um Beijo$bMúsica manuscrita]$eDueto 210 #1 $d[Entre 1900 e 1940] 215 ## $a1 partitura (1 p.)$d22 x 31 cm 304 ## $aAutoria inferida com base em exemplares homónimos 307 ## $aIncompleto 317 ## $aEspólio de Alfredo Mântua 500 11 $aCançonetas,$rV, pf 675 ## $a78.089.6$vBN$zpor$3536969 700 #1 $aNegrão,$bJoão Carlos da Silva,$f1876-$399814 801 #0 $aPT$bBN$gRPC 966 ## $lBN$mMUSICA$sEMUS16 3549$x7 971 ## $cCatmusica12$d20260302 995 ## $aPRR2026
|
|
|